000 01027cam a2200265 i 4500
003 OSt
005 20260510144851.0
008 260423s2017 ua f b 000 0 ara c
020 _a9789777533157
020 _a9789777533157
040 _aSA-JeALM
_bara
_cSA-RiAUC
_dAE-DuMBRL
_erda
043 _af-ua---
050 4 _b.Y87 2017
082 0 4 _a345.620253
_qSA-RiAUC
090 _a345.620253
_bف و ز
100 1 _aالفوزان، عبدالعزيز بن فوزان بن صالح
_eمؤلف.
245 1 0 _aحكم استبراء الزانية واستلحاق ولد الزنا
_bبحث محكم
_cعبدالعزيز بن فوزان بن صالح الفوزان.
264 1 _a[الرياض] :
_b[الناشر غير محدد]،
_c2007
300 _aمن 126 الى 176 ورقه ؛
_c24 سم.
336 _aنص
_btxt
_2rdacontent
_3كتاب
337 _aبدون وسيط
_bn
_2rdamedia
650 7 _aالزنا (فقه إسلامي)
_2aucsh
942 _2ddc
_cBOOK
_n0
949 _aSA-JeALM
_d260423
_uosman123
_n1
999 _c14921
_d14921